| 000 | 00797nam a2200253 i 4500 | ||
|---|---|---|---|
| 001 | 105017 | ||
| 003 | ES-MaACL | ||
| 005 | 20230906183745.0 | ||
| 007 | t| | ||
| 008 | 060606s1989 fr ||||1| fre d | ||
| 020 | _a2-867-383-366 | ||
| 080 | _a929(44)"19":78.071.2 | ||
| 100 | 1 |
_aSalachas, Gilbert. _9101690 |
|
| 245 | 1 | 3 |
_aLe guide de la chanson / _cGilbert Salachas, Béatrice Bottet. |
| 260 |
_aParis : _bSyros-Alternatives, _c[1989] |
||
| 300 |
_a167 p. : _bil. ; _c22 cm. |
||
| 490 | 1 | _aLes guides culturels Syros | |
| 500 | _aBiblioteca Jacinto Martínez Lacalle. | ||
| 650 | 1 | 4 |
_aCantantes- _zFrancia- _yS.XX. _910747 |
| 700 | 1 |
_aBottet, Béatrice. _930801 |
|
| 830 | 0 |
_aLes guides culturels Syros _9232678 |
|
| 852 |
_aES-MaACL _jE-11245 _bR.139221 |
||
| 999 |
_c105017 _d105017 |
||